The analysis of social change: based on observations in Central Africa (Record no. 83926)

MARC details
000 -LEADER
fixed length control field 00742nam a2200169 a 4500
008 - FIXED-LENGTH DATA ELEMENTS--GENERAL INFORMATION
fixed length control field 120416s1968 ||||||||||||||||| || u
050 ## - LIBRARY OF CONGRESS CALL NUMBER
Classification number GN 651 Wil
100 ## - MAIN ENTRY--PERSONAL NAME
Personal name Wilson, Godfrey
245 14 - TITLE STATEMENT
Title The analysis of social change: based on observations in Central Africa
260 ## - PUBLICATION, DISTRIBUTION, ETC.
Place of publication, distribution, etc. Cambridge:
Name of publisher, distributor, etc. The University Press
Date of publication, distribution, etc. 1968
300 ## - PHYSICAL DESCRIPTION
Extent vi, 177p.
350 ## -
-- 0.00
650 #0 - SUBJECT ADDED ENTRY--TOPICAL TERM
Topical term or geographic name entry element SOCIOLOGY
650 ## - SUBJECT ADDED ENTRY--TOPICAL TERM
Topical term or geographic name entry element SOCIAL CHANGE--AFRICA, CENTRAL
995 ## -
-- BINDERY (DAMAGED)
-- 0.00
-- 709963
-- CBU-MAIN LIBRARY (Kitwe)
-- 1
-- 8.00
-- GN 651 Wil
-- 1
-- DAMAGED
-- 001405
-- Main Library Open Access Collection
995 ## -
-- MAIN LIBRARY OPEN ACCESS
-- 0.00
-- 707483
-- CBU-MAIN LIBRARY (Kitwe)
-- 1
-- 6.95
-- GN 651 Wil
-- 1
-- AVAILABLE
-- 000659
-- Main Library Open Access Collection
999 ## -
-- 83926
-- 83926
Holdings
Withdrawn status Lost status Source of classification or shelving scheme Damaged status Not for loan Permanent Location Current Location Shelving location Date acquired Total Checkouts Full call number Barcode Date last seen Copy number Price effective from Koha item type Collection code
          CBU-MAIN LIBRARY, KITWE. CBU-MAIN LIBRARY, KITWE.   01/08/2024   GN 651 Wil 001405 01/08/2024 1 01/08/2024 MONOGRAPH  
      Damaged   CBU-MAIN LIBRARY, KITWE. CBU-MAIN LIBRARY, KITWE.   01/08/2024   GN 651 Wil 000659 01/08/2024 2 01/08/2024 MONOGRAPH BINDERY (DAMAGED)